India…..or UK? - Statistics

General Stats
  • This quiz has been taken 50 times
    27 since last reset
  • The average score is 6 of 8
Answer Stats
Question Answer % Correct
Which is bigger India
100%
Who has a religion called Tamil Nadu India
100%
In more than 2000 years ago, which country invaded who? UK invaded India
100%
Which is in Eurasia Both
90%
Who has more population? India
90%
Which country has the Falkirk wheel UK
80%
Who has wars going on mostly India
30%
Who is the richest? India
30%
No matching quizzes found
Score Distribution
Percent of People with Each Score
Percentile by Number Answered
Your Score History
You have not taken this quiz since the last reset